000 00432nam a2200145Ia 4500
008 191206s9999 xx 000 0 und d
020 _a0195170407 (alk. pap
090 _aPR6023.AG3
245 0 _aD.H. Lawrence's Sons and lovers: a casebook
260 _aOxford University Press
260 _bCasebooks in criticism
260 _cc2005
300 _a"xii, 305 p. ; 22 cm."
999 _c15773
_d15773